| 000 | 00432nam a2200169Ia 4500 | ||
|---|---|---|---|
| 008 | 230125s9999 xx 000 0 und d | ||
| 041 | _aeng | ||
| 082 |
_a658.403 _bSAH |
||
| 100 |
_aSaha S _9114212 |
||
| 245 | _aBusiness Statistics | ||
| 260 |
_c1989 _bNew Central Book Agency _aCalcutta |
||
| 300 | _a810p | ||
| 500 | _aBusiness mathematics | ||
| 650 |
_aMathematics _9106897 |
||
| 700 |
_aSaha S _9114212 |
||
| 999 |
_c91534 _d91534 |
||